LEADER 00890cam0-2200313---450- 001 990004881570403321 005 20080521154806.0 035 $a000488157 035 $aFED01000488157 035 $a(Aleph)000488157FED01 035 $a000488157 100 $a19990604d1972----km-y0itay50------ba 101 0 $afre 102 $aFR 105 $ay-------001yy 200 1 $a<>enseignement du français$fPierre Clarac 210 $a[Paris]$cPresses universitaire de France$d1972 215 $a151 p.$d18 cm 225 1 $aNouvelle encyclopédie pédagogique$v39 610 0 $aLingua francese$aInsegnamento 676 $a448.007 700 1$aClarac,$bPierre$f<1894-1986>$0183583 801 0$aIT$bUNINA$gRICA$2UNIMARC 901 $aBK 912 $a990004881570403321 952 $a448.007 CLA 1$fFLFBC 959 $aFLFBC 996 $aEnseignement du français$9519923 997 $aUNINA LEADER 01736nam 2200529Ia 450 001 9910780121403321 005 20221207000403.0 035 $a(CKB)111086906337534 035 $a(CtWfDGI)bkb00001272 035 $a(SSID)ssj0000284158 035 $a(PQKBManifestationID)11236712 035 $a(PQKBTitleCode)TC0000284158 035 $a(PQKBWorkID)10268785 035 $a(PQKB)11307354 035 $a(MiAaPQ)EBC3051634 035 $a(Au-PeEL)EBL3051634 035 $a(CaPaEBR)ebr10035755 035 $a(OCoLC)77951936 035 $a(EXLCZ)99111086906337534 100 $a20010824d2001 uy 0 101 0 $aeng 135 $aurzn|||||| 181 $ctxt 182 $cc 183 $acr 200 12$aA Short course in international trade documentation$b[electronic resource] $ethe key documents of exporting, importing, transportation and banking /$fEdward G. Hinkelman with Gilbert Mansergh 210 $aNovato, Calif. $cWorld Trade Press$d2001 215 $a185p 225 1 $aShort course in international trade series 300 $aTitle from title screen. 311 $a1-885073-59-3 320 $aIncludes bibliographical references. 410 0$aShort course in international trade series. 606 $aInternational trade 606 $aBanks and banking, International 615 0$aInternational trade. 615 0$aBanks and banking, International. 676 $a382/.068 700 $aHinkelman$b Edward G.$f1947-$01128205 701 $aMansergh$b Gilbert$01473277 801 0$bMiAaPQ 801 1$bMiAaPQ 801 2$bMiAaPQ 906 $aBOOK 912 $a9910780121403321 996 $aA Short course in international trade documentation$93686354 997 $aUNINA